Normal view
MARC view
- البغال، سيد حسن
Entry Personal Name
001 - CONTROL NUMBER
- control field: 47160
003 - CONTROL NUMBER IDENTIFIER
- control field: JO-AjAnu
005 - DATE AND TIME OF LATEST TRANSACTION
- control field: 20230606081804.0
008 - FIXED-LENGTH DATA ELEMENTS
- fixed length control field: 230606|| aca||aabn | a|a d
040 ## - CATALOGING SOURCE
- Original cataloging agency: JO-AjAnu
- Transcribing agency: JO-AjAnu
100 ## - HEADING--PERSONAL NAME
- Personal name: البغال، سيد حسن
670 ## - SOURCE DATA FOUND
- Source citation: Work cat.: (JO-AjAnu)24135: البغال، سيد حسن, author, الوسيط فى شرح الصيغ القانونية للدعاوى والأوراق القضائية : صيغ - إجراءات - تشريع - فقه - قضاء